<?xml version="1.0" encoding="UTF-8"?>
<collection xmlns="http://www.loc.gov/MARC21/slim">
 <record>
  <leader>00878cam a22002415a 4500</leader>
  <controlfield tag="001">EIQ.libpla004127</controlfield>
  <controlfield tag="008">721208m19721973nyua#####b####001#0#eng#d</controlfield>
  <controlfield tag="005">20080703195115.0</controlfield>
  <datafield tag="245" ind1="1" ind2="4">
   <subfield code="a">The radiation chemistry of macromolecules /</subfield>
   <subfield code="c">edited by Malcolm Dole ; Contributors: Malcolm Dole ... [et al.].</subfield>
  </datafield>
  <datafield tag="260" ind1=" " ind2=" ">
   <subfield code="a">New York :</subfield>
   <subfield code="b">Academic Press,</subfield>
   <subfield code="c">1972-73.</subfield>
  </datafield>
  <datafield tag="300" ind1=" " ind2=" ">
   <subfield code="a">2 v. :</subfield>
   <subfield code="b">il. ;</subfield>
   <subfield code="c">24 cm.</subfield>
  </datafield>
  <datafield tag="504" ind1=" " ind2=" ">
   <subfield code="a">Incluye referencias bibliográficas e índices.</subfield>
  </datafield>
  <datafield tag="020" ind1=" " ind2=" ">
   <subfield code="a">0122198026 (v. 2)</subfield>
  </datafield>
  <datafield tag="020" ind1=" " ind2=" ">
   <subfield code="a">0122198018 (v. 1)</subfield>
  </datafield>
  <datafield tag="700" ind1="1" ind2=" ">
   <subfield code="a">Dole, Malcolm,</subfield>
   <subfield code="d">1903-</subfield>
  </datafield>
  <datafield tag="082" ind1="0" ind2="0">
   <subfield code="a">547/.7</subfield>
   <subfield code="2">19</subfield>
  </datafield>
  <datafield tag="650" ind1=" " ind2="4">
   <subfield code="a">Polimeros</subfield>
   <subfield code="x">Macromoléculas.</subfield>
  </datafield>
  <datafield tag="650" ind1=" " ind2="4">
   <subfield code="a">Polimeros</subfield>
   <subfield code="x">Química de radiación.</subfield>
  </datafield>
  <datafield tag="650" ind1=" " ind2="4">
   <subfield code="a">Polymers</subfield>
   <subfield code="x">Radiation chemistry.</subfield>
  </datafield>
  <datafield tag="650" ind1=" " ind2="4">
   <subfield code="a">Polymers</subfield>
   <subfield code="x">Macromolecules.</subfield>
  </datafield>
  <datafield tag="010" ind1=" " ind2=" ">
   <subfield code="a">   71182668 </subfield>
  </datafield>
  <datafield tag="040" ind1=" " ind2=" ">
   <subfield code="a">DLC</subfield>
   <subfield code="c">DLC</subfield>
   <subfield code="d">AR-BbSID</subfield>
  </datafield>
  <datafield tag="859" ind1=" " ind2=" ">
   <subfield code="a">AR-BbSID</subfield>
   <subfield code="b">BIB. PLAPIQUI</subfield>
   <subfield code="h">547.84</subfield>
   <subfield code="i">R 118</subfield>
   <subfield code="p">3017</subfield>
   <subfield code="v">Vol. 1</subfield>
   <subfield code="3">Vol. 1</subfield>
  </datafield>
 </record>
</collection>
